Vplyv. Psychológia presvedčenia /

Gespeichert in:
Bibliographische Detailangaben
1. Verfasser: Cialdini, Roberto B. (Verfasst von)
Format: Buch
Sprache:Slowakisch
Veröffentlicht: Bratislava, Eastone Books, 2021
Tags: Tag hinzufügen
Keine Tags, Fügen Sie das erste Tag hinzu!

MARC

LEADER 00000nam a22000003a 4500
001 0116919
003 SK-STU
005 20250902134749.1
007 ta
008 250902s ----xo-----e------000-0-----d
020 |a 978-80-8109-426-2 
040 |a STU  |b slo 
041 0 |a slo 
044 |a xo 
100 1 |a Cialdini, Roberto B.  |4 aut 
245 1 0 |a Vplyv.  |b Psychológia presvedčenia /  |c aut. Roberto B Cialdini 
260 |a Bratislava,  |b Eastone Books,  |c 2021 
300 |a 479 s. 
996 |b 284M089712  |c M* M14891-1  |l MMST  |s A  |a 24  |w 0116919_0001 
996 |b 284m089713  |c M* 14891-2  |l MMST  |s A  |a 24  |w 0116919_0002